000 01333 a2200205 4500
001 54238
005 20260407155813.0
008 260407a1983 arg spa d
003 AR-UNSa-BCEJYS
040 _aAR-UNSa-BCEJYS
_bspa
_cAR-UNSa-BCEJYS
080 _a1(09)
_xHistoria de la Filosofía
245 1 0 _aFundamentación filosofica de las doctrinas económicas
264 1 _aMendoza :
_bUniversidad Nacional de Cuyo. Facultad de Ciencias Económicas
_c1983
300 _a554 p.
_c21 cm.
505 _a1. Filosofía y economía – 2. Hesíodo y la dignidad del trabajo – 3. El siglo de Pericles – 4. Sócrates – 5. El eoikonomikos y los poroi de Jenofonte – 6. Platón – 7. Aristóteles – 8. Los teóricos de la economía rural en Roma – 9. La original originalidad del cristianismo – 10. La edad media y el que hacer filosófico-tecnológico de la escolástica – 11. Santo Tomas y la economía teológica – 12. El renacimiento Italiano – 13. Maquiavelo, el teórico del estado moderno – 14. La reforma protestante y el espíritu del capitalismo – 15. La filosofía moderna y la preocupación por el método – 16. La influencia de la filosofía política de Hobbies en el mercantilismo.
041 _aspa
942 _cBK
590 _aniveau_biblio:m niveau_hierar:0
100 1 _aLetizia, Francisco
999 _c5409
_d5409